00451nam a22001577a 450000500170000001000150001702000260003203500140005803700130007208200160008510000210010124500330012226000310015527000860018630000210027220220419113911.0 aENG-132311 a9789380925745c450.00 aEN-115843 bDBAD/PUB a954.1405092 aBanerjee, Mamata aMy Journey/cMamata Banerjee aNew DelhibBEE Booksc2018 a4858/24, Lower Ground Floor (Basement), Ansari Road, DaryaganjbNew Delhie110002 a180p.c25cm(pbk)